1467 1161 1255 1151 1894 1736 1152 1058 1313 1811 1168 1341 1609 1833 1682 1296 1394 1706 1742 1601 1653 1728 1610 1463 1354 1959 1543 1852 1720 1030 1634 1550 1785 1677 1113 1161 1614 1572 1675 1146 1309 1551 1405 1004 1087 1526 1361 1748 1333 1673 1703 1213 1724 1541 1821 1427 1793 1983 1380 1322 1022 1188 1926 1530 1361 1705 1037 1382 1703 1158 1611 1654 1564 1601 1624 1412 1772 1029 1536 1955 1763 1963 1577 1561 1267 1804 1305 1280 1093 1814 1804 1363 1825 1272 1953 1259 1887 1515 1566 BCNSPRNW ULIB Ver.6.0+V

เปลี่ยนเป็นภาษาไทย

Change to English
 แสดงรายละเอียดบรรณานุกรม
  กลับหน้าหลัก

Brief Record : Get Marc (ISO 2709) : E-mail record : QR code < ปิดหน้าต่าง
LEADER : 00000nam 2200000uu 4500
001    13399125824
003     ULIB
008    020711s2017 th a 000 0 eng d
020    ^a9781496349620
060    ^aWQ200^bB-D
100    ^aBriggs, Gerald G.
245    ^aDrugs in Pregnancy and Lactation/^cBriggs, Gerald G.
250    ^a11st ed
260    ^aPhiladelphia :^bWolters Kluwer,^c2017
300    ^a1646 pages;^b30 cm
650    ^aPregnancy-Drugs^xLactation
945    ^p3425^l0^i003205
999    ^aประนอม เกษจรัล
รายการนี้ยังไม่มีแท็ก
คุณยังไม่ได้ล็อกอิน คุณสามารถมีกิจกรรมร่วมกับเว็บไซต์ได้ แต่ต้องล็อกอินก่อน ::
  ล็อกอิน

รายการสื่อสารสนเทศ

ลำดับที่ ประเภท เลขเรียก/บาร์โค้ด สถานที่ สถานะ
1. หนังสือสำรอง
หนังสือสำรอง
WQ200 B-D ฉ.1 
  Barcode: 003205
ห้องสมุดวิทยาเขตสวรรค์ประชารักษ์
►หนังสือทั่วไป
บนชั้น

รายการใกล้เคียง
    ผู้แต่ง [Briggs, Gerald G.]

BibComment


ยังไม่เคยถูกคอมเมนท์

คอมเมนท์ทรัพยากรรายการนี้
  คอมเมนท์: Drugs in Pregnan..


 Copyright 2026. Bcnsprnw @Library